000 01427nam0a22003611 4500
001 rc\2285347
005 20260406080621.0
010 _bВ пер.
_d61 к.
_930000
021 _aRU
_b76-81202
035 _a(NLR Aleph) 006564175
090 _a6875811
_c6875811
100 _a20110829d1976 |||y0rusy50 ca
101 0 _arus
102 _aRU
105 _aa z |||c|
200 1 _aОтзовись, мое завтра
_eпутешествие по сегодняшней Сибири
_fАнатолий Зябрев
210 _aКрасноярск
_cКнижное издательство
_d1976
215 _a237 с.
_cил.
_d21
517 1 _aПутешествие по сегодняшней Сибири
_zrus
606 1 _aКоммунистическое строительство в СССР
_xОчерки
_yКрасноярский край
_91380669
_3RU\NLR\AUTH\66579435
686 0 _aШ6(2=Р)75-44
_2rubbk
686 _a33С5(С18)
_2rubbk
686 _aШ5(2=р)75-646.41Сибирь
_2rubbk
686 0 _aШ6(2=р)75-646.41Сибирь
_2rubbk
700 1 _4070
_7ca
_8rus
_aЗябрев
_bА. Е.
_f1926-2021
_gАнатолий Ефимович
_3RU\NLR\AUTH\770213516
_9213460
801 0 _aRU
_bNLR
_gpsbo
801 1 _aRU
_bELAR
_2rusmarc
801 2 _aRU
_bNLR
_c20190404
_2rusmarc
852 _aNLR
_j77-3/2531
899 _aRuMoRGB
_jБ 76-46/365
899 _aRuMoRGB
_jБ 76-46/366
942 _cBOOK
980 _aNB